MDQL
is popping MORE tags! Check the
thread
!
Quizzes
Events
Quiz Creation
Community
Videos
Private Events
Remove Ads
Sign In
Join for FREE
Feedback
Dark Mode
Quiz Categories
Sports
Geography
Music
Movies
Television
Just For Fun
Miscellaneous
History
Literature
Language
Science
Gaming
Entertainment
Religion
Holiday
For Kids
Quiz Lab
Recent
Popular Today
Quiz Kudos Today
Editor Picks
Curator Picks
Quizzes by...
Day
Popularity
Type
Ratings
Length
Year
Community
Subscriptions
Recent Discussions
Orange Saloon
Badges
Playlists
Quests
Create
Leaderboards
Showdown
Live 5
Trivia Bingo
Activity
Puzzle Library
Sporcle Events
Private Events
Virtual Trivia
Globe League
Become a Host
Pub Owners
SporcleCon
Opinionation
Our Games
Videos
Blog
Mobile Apps
Partnerships
Remove Ads and Go Orange
Feedback
Sports
Athletes
MLB
NBA
NHL
NFL
Soccer
Sports Teams
WWE
NCAA
Football
Premier League
Basketball
Baseball
Hockey
Golf
Tennis
Cricket
Rugby
Auto Racing
Olympics
World Cup
Sports
Athletes
MLB
NBA
NHL
NFL
Soccer
Sports Teams
WWE
NCAA
Football
Premier League
Basketball
Baseball
Hockey
Golf
Tennis
Cricket
Rugby
Auto Racing
Olympics
World Cup
Random Quiz
Search Sporcle
×
Quiz Lab
Quiz Lab
Sports
NFL
Type in answers that appear in a list
Type in answers that appear in a list
Classic
Best Score? Go Orange.
NFL Team Passing Leaders Stats
Can you name the top 5 career passing yards leaders for each NFL franchise?
By
mnsportsfan
10m
160 Questions
238 Plays
238 Plays
238 Plays
Comments
Comments
Give Quiz Kudos
Give Quiz Kudos
-
- Ratings
hide this ad
Replay
Link that replays current quiz
Next Quiz
Link to next quiz in quiz playlist
You Got
0%
They Got
Avg Score
72%
Avg Friend Score
Upgrade to see
Score Distribution
Jump to the score distribution portion of the page
Score
0/160
Timer
10:00
0
Plays Today
Team
Quarterback
% Correct
Arizona Cardinals
Kurt Warner - 15,843
98.3%
Denver Broncos
Peyton Manning - 10,136
98.3%
Indianapolis Colts
Peyton Manning - 54,828
98.3%
St. Louis Rams
Kurt Warner - 14,447
98.3%
New Orleans Saints
Archie Manning - 21,734
97.9%
New York Giants
Eli Manning - 35,345
97.9%
Atlanta Falcons
Matt Ryan - 23,472
97.5%
Cleveland Browns
Frank Ryan - 13,361
97.5%
Dallas Cowboys
Tony Romo - 29,565
96.6%
Baltimore Ravens
Joe Flacco - 21,545
96.2%
Dallas Cowboys
Troy Aikman - 32,942
95.4%
Detroit Lions
Matthew Stafford - 17,457
95.4%
Green Bay Packers
Brett Favre - 61,655
95.4%
New England Patriots
Tom Brady - 49,149
95.4%
Green Bay Packers
Aaron Rodgers - 24,197
95%
Denver Broncos
John Elway - 51,475
94.5%
Carolina Panthers
Cam Newton - 11,299
94.1%
New Orleans Saints
Drew Brees - 38,733
94.1%
San Diego Chargers
Drew Brees - 12,348
94.1%
San Francisco 49ers
Steve Young - 29,907
94.1%
Tennessee Titans
Vince Young - 8,098
94.1%
Chicago Bears
Jay Cutler - 14,913
93.7%
San Francisco 49ers
Joe Montana - 35,124
93.7%
Buffalo Bills
Jim Kelly - 35,467
92.9%
Buffalo Bills
Drew Bledsoe - 10,151
92.9%
Houston Texans
Matt Schaub - 23,221
92.9%
New England Patriots
Drew Bledsoe - 29,657
92.9%
Miami Dolphins
Dan Marino - 61,361
92.4%
San Diego Chargers
Philip Rivers - 32,369
92.4%
Philadelphia Eagles
Donovan McNabb - 32,873
90.8%
Pittsburgh Steelers
Ben Roethlisberger - 34,105
90.8%
Cincinnati Bengals
Ken Anderson - 32,838
90.3%
Minnesota Vikings
Fran Tarkenton - 33,098
90.3%
New York Giants
Fran Tarkenton - 13,905
90.3%
Baltimore Ravens
Steve McNair - 4,163
89.5%
Pittsburgh Steelers
Terry Bradshaw - 27,989
89.5%
Tennessee Titans
Steve McNair - 27,141
89.5%
Dallas Cowboys
Roger Staubach - 22,700
89.1%
New York Jets
Joe Namath - 27,057
89.1%
Carolina Panthers
Jake Delhomme - 19,258
88.7%
Cincinnati Bengals
Carson Palmer - 22,649
88.7%
Atlanta Falcons
Michael Vick - 11,505
88.2%
Jacksonville Jaguars
Mark Brunell - 25,698
88.2%
Baltimore Ravens
Vinny Testaverde - 7,148
87.8%
Cincinnati Bengals
Boomer Esiason - 27,149
87.8%
Green Bay Packers
Bart Starr - 24,718
87.8%
New York Jets
Vinny Testaverde - 12,497
87.8%
Seattle Seahawks
Matt Hasselbeck - 29,434
87.8%
Tampa Bay Buccaneers
Vinny Testaverde - 14,820
87.8%
Cincinnati Bengals
Andy Dalton - 11,360
87.4%
San Diego Chargers
Dan Fouts - 43,040
87%
Arizona Cardinals
Jake Plummer -17,622
86.6%
Denver Broncos
Jake Plummer - 11,631
86.6%
Tennessee Titans
Warren Moon - 33,685
86.6%
Team
Quarterback
% Correct
Houston Texans
David Carr - 13,391
85.3%
Philadelphia Eagles
Randall Cunningham - 22,877
84.5%
Chicago Bears
Jim McMahon - 11,203
84%
New York Giants
Phil Simms - 33,462
84%
Oakland Raiders
Ken Stabler - 19,078
83.2%
Oakland Raiders
Rich Gannon - 17,585
83.2%
Carolina Panthers
Kerry Collins - 8,306
82.8%
Indianapolis Colts
Johnny Unitas - 39,768
82.8%
Kansas City Chiefs
Trent Green - 21,459
82.8%
New York Giants
Kerry Collins - 16,875
82.8%
Denver Broncos
Brian Griese - 11,763
82.4%
Miami Dolphins
Bob Griese - 25,092
82.4%
Minnesota Vikings
Daunte Culpepper - 20,162
82.4%
Arizona Cardinals
Charley Johnson - 14,928
81.5%
Minnesota Vikings
Brad Johnson - 11,098
81.5%
Tampa Bay Buccaneers
Brad Johnson - 10,940
81.5%
Buffalo Bills
Ryan Fitzpatrick - 11,654
80.7%
Dallas Cowboys
Danny White - 21,959
80.3%
Kansas City Chiefs
Len Dawson - 28,507
80.3%
Miami Dolphins
Ryan Tannehill - 7,207
80.3%
Jacksonville Jaguars
David Garrard - 16,003
79.8%
Cleveland Browns
Bernie Kosar - 21,904
78.6%
New York Jets
Chad Pennington - 13,738
78.6%
Washington Redskins
Joe Theismann - 25,206
77.3%
San Francisco 49ers
Jeff Garcia - 16,408
76.9%
Seattle Seahawks
Dave Krieg - 26,132
76.1%
Atlanta Falcons
Chris Chandler - 13,268
74.8%
St. Louis Rams
Marc Bulger - 22,814
74.8%
Philadelphia Eagles
Ron Jaworski - 26,963
73.9%
Tampa Bay Buccaneers
Trent Dilfer - 12,969
73.9%
Tampa Bay Buccaneers
Doug Williams - 12,648
73.9%
Pittsburgh Steelers
Kordell Stewart - 13,328
73.1%
Arizona Cardinals
Jim Hart - 34,639
71.4%
Indianapolis Colts
Bert Jones - 17,663
71.4%
Oakland Raiders
Jim Plunkett - 12,665
71%
New Orleans Saints
Jim Everett - 10,622
70.6%
St. Louis Rams
Jim Everett - 23,758
70.6%
Arizona Cardinals
Neil Lomax - 22,771
69.3%
San Francisco 49ers
Y.A. Tittle - 16,016
68.9%
Chicago Bears
Jim Harbaugh - 11,567
68.5%
Cleveland Browns
Otto Graham - 23,584
68.5%
Washington Redskins
Mark Rypien - 15,928
68.1%
Cleveland Browns
Brian Sipe - 23,713
67.6%
Minnesota Vikings
Wade Wilson - 12,135
67.6%
Oakland Raiders
Marc Wilson - 11,760
67.6%
Cleveland Browns
Tim Couch - 11,131
67.2%
Jacksonville Jaguars
Byron Leftwich - 9,042
67.2%
New Orleans Saints
Aaron Brooks - 19,156
67.2%
New York Jets
Ken O'Brien - 24,386
66.4%
Pittsburgh Steelers
Neil O'Donnell - 12,867
66%
Baltimore Ravens
Kyle Boller - 7,846
65.5%
Chicago Bears
Erik Kramer - 10,582
64.7%
Indianapolis Colts
Jeff George - 9,551
64.7%
Minnesota Vikings
Tommy Kramer - 24,775
64.7%
Team
Quarterback
% Correct
New England Patriots
Steve Grogan - 26,886
64.7%
Jacksonville Jaguars
Chad Henne - 5,325
64.3%
Miami Dolphins
Chad Henne - 7,114
64.3%
Seattle Seahawks
Jim Zorn - 20,122
63.9%
Detroit Lions
Scott Mitchell - 12,647
63.4%
Jacksonville Jaguars
Blaine Gabbert - 4,357
62.6%
Denver Broncos
Craig Morton - 11,895
62.2%
Washington Redskins
Sonny Jurgensen - 22,585
60.9%
Tampa Bay Buccaneers
Josh Freeman - 13,534
60.5%
Detroit Lions
Bobby Layne - 15,710
60.1%
Atlanta Falcons
Steve Bartkowski - 23,470
59.7%
Atlanta Falcons
Chris Miller - 14,066
59.7%
San Diego Chargers
Stan Humphries - 16,085
59.7%
Buffalo Bills
Joe Ferguson - 27,590
59.2%
Carolina Panthers
Steve Beuerlein - 12,690
59.2%
Dallas Cowboys
Don Meredith - 17,199
58%
New England Patriots
Tony Eason - 10,732
58%
San Francisco 49ers
John Brodie - 31,548
58%
Seattle Seahawks
Jon Kitna - 7,552
56.3%
Tennessee Titans
George Blanda - 19,149
55.9%
Miami Dolphins
Jay Fiedler - 11,040
55.5%
St. Louis Rams
Norm Van Brocklin - 16,114
55.5%
San Diego Chargers
John Hadl - 26,938
54.6%
Chicago Bears
Sid Luckman - 14,686
52.9%
Cincinnati Bengals
Jeff Blake - 15,134
52.9%
Green Bay Packers
Lynn Dickey - 21,369
52.9%
St. Louis Rams
Roman Gabriel - 22,223
52.5%
New Orleans Saints
Bobby Hebert - 14,630
52.1%
Washington Redskins
Sammy Baugh - 21,886
52.1%
Houston Texans
T.J. Yates - 1,100
51.3%
Buffalo Bills
Jack Kemp - 15,134
49.2%
Kansas City Chiefs
Steve DeBerg - 11,873
49.2%
Washington Redskins
Billy Kilmer - 12,352
46.2%
New York Jets
Richard Todd - 18,241
45.8%
Seattle Seahawks
Rick Mirer - 9,094
45.4%
Tennessee Titans
Dan Pastorini - 16,864
45.4%
Carolina Panthers
Chris Weinke - 3,800
42.9%
Oakland Raiders
Daryle Lamonica - 16,655
42.9%
Baltimore Ravens
Tony Banks - 3,714
42.4%
Pittsburgh Steelers
Bubby Brister - 10,104
42.4%
Houston Texans
Sage Rosenfels - 3,380
42%
Philadelphia Eagles
Norm Snead - 15,672
41.6%
Kansas City Chiefs
Bill Kenney - 17,277
40.3%
Detroit Lions
Greg Landry - 12,451
39.9%
Houston Texans
Case Keenum - 1,760
37.8%
New England Patriots
Babe Parilli - 16,747
36.6%
Detroit Lions
Greg Danielson - 11,885
34%
New York Giants
Charlie Conerly - 19,488
29%
Indianapolis Colts
Jack Trudeau - 9,647
26.5%
Green Bay Packers
Tobin Rote - 11,535
23.5%
Philadelphia Eagles
Tommy Thompson - 10,240
22.3%
Kansas City Chiefs
Mike Livingston - 11,295
21%
Quiz Playlist
Details
Report
Send in Message
Add To Playlist
Classic:
Type in answers that appear in a list
Quiz Source
Last Updated: Feb 16, 2017
Quiz Scoreboard
CHALLENGE
Sign Up to Join the Scoreboard
Show All
Scores
Hide
Comments
May contain spoilers
Recently Published
Colored Red Africa Blitz
by spor1
Geography
30s
Find the 'City' Movie
by crazypaving
Movies
60s
5x2 Blitz: Bands
by SL_Kpop136
Music
30s
More to Explore
Quiz From the Vault
Featured Blog Post
14 Easter Pick-up Lines to Find Eggs With
hide this ad
You Might Also Like...
Tags
NFL Quiz
Passing Leaders
Passing Yards
Quarterbacks
Top 5
Today's Top Quizzes in Sports
Browse Sports
hide this ad
Today's Top Quizzes in NFL
Browse NFL
Top Contributed Quizzes in Sports
1
Players with Multiple 50 Home Run Seasons
2
Who Needs Fielders?
3
Criteria MLB: Left Handed Sluggers
4
MLB Players with Two .350 Batting Average Seasons
5
Who Hit More Homers?
6
2020 F1 Drivers Logic Puzzle
7
NBA Teammate Connections
8
Premier League Clubs since 2000 (minefield)
9
MLB Teams by First Game
10
Top 10 NHL Goal Scorers of All Time
Explore More
Trending Topics
Anime
Disney
Marvel
Kpop
NBA
Crossword
Harry Potter
NFL
Puzzle
Country
Pokémon
WWE
Song
The Office
Soccer
hide this ad
More By:
mnsportsfan
Quiz
Plays
Rating
Category
Featured
Created
NFL Team Rushing Leaders
170
Sports
Apr 21, 2014
Mount Rushmore of MLB
4,454
3.96
Sports
Mar 29, 2014
Mount Rushmore of NFL
739
3.00
Sports
Mar 30, 2014
Top NFL Free Agents 2014
479
4.50
Sports
Mar 12, 2014
NFL 1000: Quarterbacks 2014
435
4.75
Sports
Jun 15, 2015
Not so Super QBs
250
2.80
Sports
Feb 3, 2014
Go to Creator's Profile
Score Distribution
Quiz Creator Spotlight
mnsportsfan
Follow
Send a Message
Quizzes Created
-
Created Quiz Play Count
-
More By This Creator
Popular Quizzes Today
1
5x2 Blitz: Bands
2
Find the 'City' Movie
3
Find the US States - No Outlines Minefield
4
Colored Red Africa Blitz
5
The Countries of the World
6
Find the US States
7
9x9 Crossword: Cartoon Network
8
Risky Map Clicking: Biggest States A-Z
More Sports Quizzes
Chicago White Sox top 20 single season leaders
Quiz Lab
Trending Quizzes
Colored Red Africa Blitz II
Colored Red Europe Blitz I
Find the 'Dark' Movie
Find the 'Day' Movie
Find the 'Good' Movie
Recently Updated
Champions League XIs: Real Madrid
pecheneg
Largest US Cities 1790-2010
pecheneg
Rides in Walt Disney World
pecheneg
Most Oscar Losses (Acting)
pecheneg
Beyoncé Albums
pecheneg
Leaping Animals
pecheneg
Reality TV Shows (A-Z)
bhenderson79
Rickey Henderson's Hall of Fame Teammates
pecheneg
Champions League XIs: Arsenal
pecheneg
Quick Pick: Celebrities in WWE's Hall of Fame
aduchscher
Trending Topics
Disney
Anime
Harry Potter
Crossword
NBA
Kpop
Marvel
Puzzle
Country
Soccer
NFL
WWE
Pokémon
The Office
Song
Your Account Isn't Verified!
In order to create a playlist on Sporcle, you need to verify the email address you used during registration. Go to your
Sporcle Settings
to finish the process.
Report this User
Report this user for behavior that violates our
Community Guidelines
.
Details:
Send Report
Go to the Sporcle.com Mobile Site →
Comments